| 000 | 00489nam a2200169Ia 4500 | ||
|---|---|---|---|
| 999 |
_c27414 _d27414 |
||
| 003 | OSt | ||
| 005 | 20210105150458.0 | ||
| 008 | 190216s9999||||xx |||||||||||||| ||und|| | ||
| 040 | _coclc | ||
| 082 |
_a894.8122 _bTHO/A |
||
| 100 |
_aThomas, C J _96777 |
||
| 245 | 0 |
_aAa Manushyan Nee Thanne / _cC J Thomas |
|
| 260 |
_bPoorna publication, _c1996. _aKozhikode: |
||
| 300 | _a83p | ||
| 650 | _aMalayalam Nadakam | ||
| 942 |
_cBK _2ddc _h894.8122 _iTHO/A _k894.8122 _mTHO/A |
||